| 000 | 00787nam a22002537a 4500 | ||
|---|---|---|---|
| 003 | dpl | ||
| 005 | 20180523144324.0 | ||
| 008 | 180523b xxu||||| |||| 00| 0 eng d | ||
| 010 | _aB-181210 | ||
| 020 | B | _c150.00 | |
| 035 | _aB-181210, A-997975 | ||
| 037 | _bCen Lib/Ret | ||
| 040 |
_aDPL _bEN _c0 |
||
| 082 |
_a954.42 _bASA |
||
| 100 |
_aAsawa, Gouri Shankar _926892 |
||
| 245 |
_aKumbhal Garh : _cby Gouri Shankar Asawa _bthe invincible fort / |
||
| 260 |
_aJodhpur _bBooks Treasure _c2002 |
||
| 270 |
_aSojati Gate _bJodhpur |
||
| 300 |
_a53p. : _c21cm(Hb) _bill. |
||
| 500 | _aIncludes bibliographical reference | ||
| 650 |
_aIndia--Kumbhalagar̥ha _931498 |
||
| 650 |
_aIndia--Kumbhalagar̥ha--Kumbhalgarh Fort _931499 |
||
| 942 |
_2ddc _cEN _h954.42 _mASA |
||
| 999 |
_c131330 _d131330 |
||